000 00380 a2200121 4500
001 ART_9984
005 20260410161839.0
008 260409a
245 1 0 _aLa contabilización de los resultados financieros
100 1 _aGarcía, Sergio O.
700 1 _aMattera, Miguel A.
773 0 _tContabilidad y administración
_g- Año 7, Nº 76 (oct. 1983)
_wREV5485
999 _c23933
_d23933